<?xml version="1.0" encoding="UTF-8"?>
<record
    xmlns:xsi="http://www.w3.org/2001/XMLSchema-instance"
    xsi:schemaLocation="http://www.loc.gov/MARC21/slim http://www.loc.gov/standards/marcxml/schema/MARC21slim.xsd"
    xmlns="http://www.loc.gov/MARC21/slim">

  <leader>00815nam a22002297a 4500</leader>
  <controlfield tag="005">20240503165810.0</controlfield>
  <controlfield tag="008">230704b           ||||| |||| 00| 0 eng d</controlfield>
  <datafield tag="020" ind1=" " ind2=" ">
    <subfield code="a">9788126420506</subfield>
  </datafield>
  <datafield tag="040" ind1=" " ind2=" ">
    <subfield code="c">AL</subfield>
  </datafield>
  <datafield tag="041" ind1=" " ind2=" ">
    <subfield code="a">Malayalam</subfield>
  </datafield>
  <datafield tag="082" ind1=" " ind2=" ">
    <subfield code="2">23</subfield>
    <subfield code="a">894.8123</subfield>
    <subfield code="b">SUHA</subfield>
  </datafield>
  <datafield tag="100" ind1=" " ind2=" ">
    <subfield code="a">B M Suhara</subfield>
    <subfield code="9">163115</subfield>
  </datafield>
  <datafield tag="100" ind1=" " ind2=" ">
    <subfield code="9">125636</subfield>
    <subfield code="d">&#xD2C;&#xD3F; &#xD0E;&#xD02; &#xD38;&#xD41;&#xD39;&#xD31; </subfield>
  </datafield>
  <datafield tag="245" ind1=" " ind2=" ">
    <subfield code="a">Akasabhoomikalude Thakkol</subfield>
    <subfield code="b">&#xD06;&#xD15;&#xD3E;&#xD36;&#xD2D;&#xD42;&#xD2E;&#xD3F;&#xD15;&#xD33;&#xD41;&#xD1F;&#xD46; &#xD24;&#xD3E;&#xD15;&#xD4D;&#xD15;&#xD4B;&#xD7D; </subfield>
  </datafield>
  <datafield tag="260" ind1=" " ind2=" ">
    <subfield code="a">Kottayam </subfield>
    <subfield code="b">D C Books</subfield>
    <subfield code="c">2008</subfield>
  </datafield>
  <datafield tag="300" ind1=" " ind2=" ">
    <subfield code="a">256p.</subfield>
    <subfield code="b">PB</subfield>
    <subfield code="c">21x14cm.</subfield>
  </datafield>
  <datafield tag="365" ind1=" " ind2=" ">
    <subfield code="2">Malayalam</subfield>
    <subfield code="b">125.00</subfield>
    <subfield code="c">&#x20B9;</subfield>
    <subfield code="d">125.00</subfield>
  </datafield>
  <datafield tag="650" ind1=" " ind2=" ">
    <subfield code="a">Malayalam Fiction: &#xD2E;&#xD32;&#xD2F;&#xD3E;&#xD33;&#xD02; &#xD2B;&#xD3F;&#xD15;&#xD4D;&#xD37;&#xD7B; </subfield>
    <subfield code="9">125453</subfield>
  </datafield>
  <datafield tag="650" ind1=" " ind2=" ">
    <subfield code="a">Malayalam Novel: &#xD2E;&#xD32;&#xD2F;&#xD3E;&#xD33;&#xD02; &#xD28;&#xD4B;&#xD35;&#xD7D; </subfield>
    <subfield code="9">125454</subfield>
  </datafield>
  <datafield tag="700" ind1=" " ind2=" ">
    <subfield code="a">SUHARA (B M): &#xD38;&#xD41;&#xD39;&#xD31; (&#xD2C;&#xD3F; &#xD0E;&#xD02;)</subfield>
    <subfield code="9">125455</subfield>
  </datafield>
  <datafield tag="942" ind1=" " ind2=" ">
    <subfield code="2">ddc</subfield>
    <subfield code="c">DB</subfield>
  </datafield>
  <datafield tag="999" ind1=" " ind2=" ">
    <subfield code="c">227748</subfield>
    <subfield code="d">227748</subfield>
  </datafield>
  <datafield tag="952" ind1=" " ind2=" ">
    <subfield code="0">0</subfield>
    <subfield code="1">0</subfield>
    <subfield code="2">ddc</subfield>
    <subfield code="4">0</subfield>
    <subfield code="7">0</subfield>
    <subfield code="8">OTH</subfield>
    <subfield code="a">AL</subfield>
    <subfield code="b">AL</subfield>
    <subfield code="d">2023-06-14</subfield>
    <subfield code="l">0</subfield>
    <subfield code="o">894.8123 SUHA</subfield>
    <subfield code="p">D05812</subfield>
    <subfield code="r">2023-07-04 00:00:00</subfield>
    <subfield code="v">125.00</subfield>
    <subfield code="w">2023-07-04</subfield>
    <subfield code="y">DB</subfield>
    <subfield code="z">Donated by Sara Abubakkar</subfield>
  </datafield>
</record>
